Tradiční textilní techniky / Jitka Staňková

Hlavní autor: Staňková, Jitka, 1924-2023
Jazyk: Čeština
Vydáno: Praha : Ústav pro kulturně výchovnou činnost, 1973
Témata:
Fyzický popis: 16 s., obr. příl. : il.
Knihy
Uloženo v:
LEADER 00711nam a22002172a 4500
001 000106805
003 CZ BrMZK
005 20200114140806.0
007 ta
008 950101s1973 xr af f cze d
040 |a PNA001  |b cze  |d BOA001 
080 |a 746  |2 MRF 
100 1 |a Staňková, Jitka,  |d 1924-2023  |7 jk01120880  |4 aut 
245 1 0 |a Tradiční textilní techniky /  |b Jitka Staňková 
260 |a Praha :  |b Ústav pro kulturně výchovnou činnost,  |c 1973 
300 |a 16 s., obr. příl. :  |b il. 
653 0 |a ruční práce  |a textilní techniky 
910 |a BOA001  |b X2-0721.437 
990 |a BK 
991 |b 201910 
996 6 |b 2619998901  |c X2-0721.437  |l MZK  |r Sklad / do 24 hodin  |n 39  |w 000106805  |u 000010  |a 1  |e BOA001  |j MZK50  |s P